000 00695nam a2200241 i 4500
001 15447
003 ES-MaACL
005 20240510063027.0
007 t|
008 000313s1999 sp ||||1| spa d
020 _a8486419441
080 _a821.134.2-14"19"
100 1 _aRegalado, José Manuel.
_995866
245 1 3 _aLa edad de la mirada /
_cJosé Manuel Regalado.
250 _a1ª ed.
260 _aHumanes (Madrid) :
_bJuan Pastor,
_c1999.
300 _a60 p. ;
_c20 cm.
490 1 _aDevenir. Serie Poesía ;
_v127
830 0 0 _aDevenir.
_pSerie Poesía ;
_v127
_9236243
852 _aES-MaACL
_jP-1931 Nº 127
_bR.127605
942 _2udc
999 _c15447
_d15447